Técnicas de investigación documental (Registro nro. 8348)

Detalles MARC
000 -Cabecera
Campo de control de longitud fija 00796nam a22002897a 4500
005 - Fecha y hora de la última transacción
Campo de control 20260420185507.0
008 - Elementos de longitud fija--Información general
Campo de control de longitud fija 160809b1988 xxu||||| |||| 00| 0 spa d
041 ## - Idioma
Código de idioma Español
082 ## - Clasificación Decimal Dewey
Número de clasificación 001.42 T312t
100 ## - Entrada principal--Autor personal
Nombre personal Tenorio Bahena, Jorge
245 ## - Título propiamente dicho
Título Técnicas de investigación documental
250 ## - Edición
Mención de edición 3 edición
260 ## - Pie de imprenta
Lugar de publicación, distribución, etc. México
260 ## - Pie de imprenta
Nombre del editor, distribuidor, etc. McGraw-Hill
260 ## - Pie de imprenta
Fecha de publicación, distribución, etc. 1988
300 ## - Descripción física
Extensión 168 páginas
Otras características físicas Contiene ilustraciones en blanco y negro
490 ## - Serie
Título de la Serie Temática General
650 ## - Materia general
Temática (materia general) MÉTODOS DE INVESTIGACIÓN
650 ## - Materia general
Temática (materia general) INVESTIGACIÓN DOCUMENTAL
650 ## - Materia general
Temática (materia general) PENSAMIENTO CIENTÍFICO
650 ## - Materia general
Temática (materia general) CIENCIA
650 ## - Materia general
Temática (materia general) ANÁLISIS
650 ## - Materia general
Temática (materia general) FUENTES DE INFORMACIÓN
650 ## - Materia general
Temática (materia general) PROYECTO DE INVESTIGACIÓN
650 ## - Materia general
Temática (materia general) PLAN DE TRABAJO
942 ## - Punto de acceso adicional KOHA
Tipo de ítem KOHA Libro
Fuente del sistema de clasificación o colocación Dewey Decimal Classification
Existencias
Signatura completa Código de barras Programa Académico Tipo de ítem
001.42 T312t 4063 Temática General Libro
001.42 T312t 4064 Temática General Libro